<?xml version="1.0" encoding="UTF-8"?><?xml-stylesheet type="text/xsl" href="static/style.xsl"?><OAI-PMH xmlns="http://www.openarchives.org/OAI/2.0/" xmlns:xsi="http://www.w3.org/2001/XMLSchema-instance" xsi:schemaLocation="http://www.openarchives.org/OAI/2.0/ http://www.openarchives.org/OAI/2.0/OAI-PMH.xsd"><responseDate>2026-05-17T00:18:18Z</responseDate><request verb="GetRecord" identifier="oai:repisalud.isciii.es:20.500.12105/19369" metadataPrefix="marc">https://repisalud.isciii.es/rest/oai/request</request><GetRecord><record><header><identifier>oai:repisalud.isciii.es:20.500.12105/19369</identifier><datestamp>2024-11-29T13:01:36Z</datestamp><setSpec>com_20.500.12105_2203</setSpec><setSpec>com_20.500.12105_2202</setSpec><setSpec>col_20.500.12105_19505</setSpec></header><metadata><record xmlns="http://www.loc.gov/MARC21/slim" xmlns:dcterms="http://purl.org/dc/terms/" xmlns:doc="http://www.lyncode.com/xoai" xmlns:xsi="http://www.w3.org/2001/XMLSchema-instance" xsi:schemaLocation="http://www.loc.gov/MARC21/slim http://www.loc.gov/standards/marcxml/schema/MARC21slim.xsd">
   <leader>00925njm 22002777a 4500</leader>
   <datafield ind2=" " ind1=" " tag="042">
      <subfield code="a">dc</subfield>
   </datafield>
   <datafield ind2=" " ind1=" " tag="720">
      <subfield code="a">Galan, Iñaki</subfield>
      <subfield code="e">author</subfield>
   </datafield>
   <datafield ind2=" " ind1=" " tag="720">
      <subfield code="a">Galan, Iñaki</subfield>
      <subfield code="e">author</subfield>
   </datafield>
   <datafield ind2=" " ind1=" " tag="260">
      <subfield code="c">2024-05-08</subfield>
   </datafield>
   <datafield ind2=" " ind1=" " tag="520">
      <subfield code="a">En 2026, Irlanda será el primer país de la UE que obligue por ley a incluir en las botellas de alcohol un mensaje advirtiendo de que su consumo aumenta el riesgo de contraer cáncer. ¿Hasta qué punto está justificada esta medida? ¿Se extenderá al resto de la UE?</subfield>
   </datafield>
   <datafield ind1="8" ind2=" " tag="024">
      <subfield code="a">The Conversation España el día 8/05/2024.</subfield>
   </datafield>
   <datafield ind1="8" ind2=" " tag="024">
      <subfield code="a">http://hdl.handle.net/20.500.12105/19369</subfield>
   </datafield>
   <datafield tag="653" ind2=" " ind1=" ">
      <subfield code="a">Alcohol</subfield>
   </datafield>
   <datafield tag="653" ind2=" " ind1=" ">
      <subfield code="a">Consumo de alcohol</subfield>
   </datafield>
   <datafield tag="653" ind2=" " ind1=" ">
      <subfield code="a">Factores de riesgo</subfield>
   </datafield>
   <datafield tag="653" ind2=" " ind1=" ">
      <subfield code="a">Cáncer</subfield>
   </datafield>
   <datafield tag="653" ind2=" " ind1=" ">
      <subfield code="a">Salud pública</subfield>
   </datafield>
   <datafield tag="653" ind2=" " ind1=" ">
      <subfield code="a">Prevención de enfermedades</subfield>
   </datafield>
   <datafield tag="653" ind2=" " ind1=" ">
      <subfield code="a">Etiquetado</subfield>
   </datafield>
   <datafield tag="653" ind2=" " ind1=" ">
      <subfield code="a">Advertencias sanitarias</subfield>
   </datafield>
   <datafield ind2="0" ind1="0" tag="245">
      <subfield code="a">Lucha contra el cáncer: ¿deberían incluir las bebidas alcohólicas advertencias similares a las del tabaco?</subfield>
   </datafield>
</record></metadata></record></GetRecord></OAI-PMH>